[Event "Superettan(SodraSASS-Schack 08)"]
[Site "?"]
[Date "2012.03.10"]
[Round "8"]
[White "Alqvist, Erik"]
[Black "Schutz, Ingemar"]
[Result "0-1"]
[WhiteElo "1998"]
[BlackElo "2233"]
[PlyCount "94"]

1. e4 c5 2. Nf3 d6 3. d4 cxd4 4. Nxd4 Nf6 5. Nc3 Nc6 6. f3 e5 7. Nb3 a5 8. a4
Be7 9. Be3 Be6 10. Bb5 O-O 11. Qd2 Nb4 12. Qf2 d5 13. exd5 Nfxd5 14. Nxd5 Nxd5
15. Bc5 Nb4 16. O-O Bxb3 17. cxb3 Bxc5 18. Qxc5 Qb8 19. Rac1 b6 20. Qc7 Ra7 21.
Qxb8 Rxb8 22. Rfd1 Kf8 23. Rd6 Ke7 24. Rcd1 Rc7 25. Bc4 Nc2 26. Kf2 Nd4 27. Rd5
Rc5 28. Re1 Rxd5 29. Bxd5 f6 30. f4 Kd6 31. Bc4 Re8 32. fxe5+ fxe5 33. Re4 Kc5
34. Rh4 h6 35. Rg4 Re7 36. Ke3 Nf5+ 37. Ke2 e4 38. Rg6 Nh4 39. Rg4 g5 40. Rg3
Kd4 41. Rg4 Nf5 42. Ba6 Rc7 43. Bd3 Nd6 44. h4 h5 45. Rxg5 exd3+ 46. Kd1 Ne4
47. Rg8 Ke3 0-1

[Event "Superettan(SodraSASS-Schack 08)"]
[Site "?"]
[Date "2012.03.10"]
[Round "8"]
[White "Fredriksson, Leif"]
[Black "Fors, Tomas"]
[Result "1-0"]
[WhiteElo "2122"]
[BlackElo "2047"]
[PlyCount "69"]

1. e4 c5 2. Nf3 Nc6 3. d4 cxd4 4. Nxd4 Nf6 5. Nc3 d6 6. Bc4 Qb6 7. Nb3 a6 8.
Qe2 e6 9. a4 Qc7 10. f4 b6 11. O-O Be7 12. Bd3 O-O 13. Be3 Bb7 14. g4 Rfe8 15.
g5 Nd7 16. f5 Nce5 17. Nd4 Nc5 18. f6 Bf8 19. fxg7 Bxg7 20. Qh5 Qd7 21. Rad1
Ncxd3 22. cxd3 d5 23. Rf6 dxe4 24. dxe4 Qe7 25. Rdf1 Rad8 26. R1f4 Ng6 27. Rf3
Rd7 28. Rh3 h6 29. Rhf3 Ne5 30. Rf1 Red8 31. Nf3 Bxf6 32. gxf6 Qxf6 33. Nxe5
Qg7+ 34. Kh1 Rc7 35. Rg1 1-0

[Event "Superettan(SodraSASS-Schack 08)"]
[Site "?"]
[Date "2012.03.10"]
[Round "8"]
[White "Johansson, Per"]
[Black "Arvidsson, Tomas"]
[Result "1-0"]
[WhiteElo "1971"]
[BlackElo "2059"]
[PlyCount "67"]

1. d4 Nf6 2. Nf3 g6 3. c4 Bg7 4. g3 d6 5. Bg2 O-O 6. O-O Nc6 7. Nc3 a6 8. h3
Rb8 9. Qc2 Nd7 10. Rd1 e5 11. dxe5 Ndxe5 12. Nxe5 Bxe5 13. e3 Bf5 14. e4 Be6
15. Ne2 Qc8 16. Kh2 b5 17. cxb5 Nb4 18. Qd2 Rxb5 19. Nc3 Bxc3 20. Qxc3 Nxa2 21.
Rxa2 Rh5 22. Rd5 Bxd5 23. exd5 Re8 24. Qc6 Rhe5 25. Be3 h5 26. h4 f6 27. Bh3
Qb8 28. Be6+ Kg7 29. Qd7+ Kh8 30. Bh6 Rg8 31. Bxg8 Qxg8 32. Rxa6 Re2 33. Ra8
Rxf2+ 34. Kg1 1-0

[Event "Superettan(Farsta-Rodeby)"]
[Site "?"]
[Date "2012.03.10"]
[Round "8"]
[White "Wahlbom, Magnus"]
[Black "Hjelm, Niclas"]
[Result "1/2-1/2"]
[WhiteElo "2289"]
[BlackElo "2367"]
[PlyCount "41"]

1. d4 d5 2. c4 c6 3. Nf3 Nf6 4. Nc3 dxc4 5. a4 e6 6. Ne5 c5 7. e3 cxd4 8. exd4
Be7 9. Bxc4 O-O 10. O-O Nc6 11. Nf3 Nb4 12. Qe2 Bd7 13. Rd1 Bc6 14. Ne5 Bd5 15.
Nxd5 Nfxd5 16. Ra3 Bg5 17. Bxg5 Qxg5 18. Rg3 Qf5 19. Rf3 Qg5 20. Rg3 Qf5 21.
Rf3 1/2-1/2

[Event "Superettan(Farsta-Rodeby)"]
[Site "?"]
[Date "2012.03.10"]
[Round "8"]
[White "Livner, Anders"]
[Black "Greiff, Hakan"]
[Result "1-0"]
[WhiteElo "2439"]
[BlackElo "2299"]
[PlyCount "89"]
[EventDate "2012.??.??"]

1. d4 d5 2. c4 e6 3. Nc3 Nf6 4. cxd5 exd5 5. Bg5 c6 6. e3 Be7 7. Qc2 Nbd7 8.
Bd3 O-O 9. Nf3 Re8 10. O-O Nf8 11. h3 Ne4 12. Bf4 Ng5 13. Nxg5 Bxg5 14. Bh2 Be7
15. Kh1 Bd6 16. Bg1 Re6 17. f4 Rh6 18. f5 Nd7 19. e4 dxe4 20. Nxe4 Nf6 21. Nxd6
Qxd6 22. Bh2 Qf8 23. Kg1 Nd5 24. Rae1 Bd7 25. Bc4 Re8 26. Be5 Qb4 27. a3 Qa5
28. Qf2 f6 29. Bf4 Rh5 30. Rxe8+ Bxe8 31. g4 Rxh3 32. Kg2 Rh6 33. Bxh6 gxh6 34.
Qe1 Qd8 35. Qd2 Bf7 36. Qxh6 Qb6 37. Qd2 c5 38. dxc5 Qxc5 39. Bxd5 Bxd5+ 40.
Kh3 Qc4 41. Rd1 Bf7 42. g5 Kg7 43. Qd8 Qb3+ 44. Rd3 Qxb2 45. gxf6+ 1-0

[Event "Superettan(Farsta-Rodeby)"]
[Site "?"]
[Date "2012.03.10"]
[Round "8"]
[White "Svensson, Bo Anders"]
[Black "Ong, Kezli"]
[Result "0-1"]
[WhiteElo "2360"]
[BlackElo "2327"]
[PlyCount "86"]

1. c4 e5 2. g3 Nf6 3. Bg2 d5 4. cxd5 Nxd5 5. Nf3 Nc6 6. O-O Be7 7. d4 exd4 8.
Nxd4 Nxd4 9. Qxd4 Nf6 10. Qa4+ Qd7 11. Qc2 c6 12. e4 O-O 13. Be3 Ng4 14. Bf4
Qe6 15. Nc3 g5 16. Bd2 Qh6 17. h3 Ne5 18. h4 Qh5 19. Bxg5 Bxg5 20. hxg5 Ng4 21.
Rfe1 Qxg5 22. Nd1 Qh5 23. Ne3 Qh2+ 24. Kf1 Nxe3+ 25. Rxe3 Bh3 26. Bxh3 Qh1+ 27.
Ke2 Qxa1 28. Bf5 Rad8 29. e5 Rd4 30. Bxh7+ Kg7 31. Bd3 Qxa2 32. f4 Rb4 33. Kf3
Rxb2 34. Qc3 Rf2+ 35. Kg4 Qb2 36. Qc5 Rg8 37. Qe7 Qd4 38. Kf5 Qd8 39. Qc5 Qd7+
40. e6 fxe6+ 41. Kg4 Kf6+ 42. Kh3 Rh8+ 43. Kg4 e5+ 0-1

[Event "Superettan(Farsta-Rodeby)"]
[Site "?"]
[Date "2012.03.10"]
[Round "8"]
[White "von Bahr, Oskar"]
[Black "Laksman, Efraim"]
[Result "0-1"]
[WhiteElo "2348"]
[BlackElo "2215"]
[PlyCount "100"]

1. e4 c5 2. Nf3 Nc6 3. Nc3 g6 4. d4 cxd4 5. Nxd4 Bg7 6. Be3 Nf6 7. Bc4 O-O 8.
Bb3 Ng4 9. Qxg4 Nxd4 10. Qd1 Ne6 11. Qd2 d6 12. Bh6 Qa5 13. O-O Re8 14. Bxg7
Kxg7 15. f4 Qc5+ 16. Kh1 Nd4 17. Na4 Nxb3 18. axb3 Qc6 19. Nc3 f5 20. Rxa7 Rxa7
21. Qd4+ e5 22. Qxa7 fxe4 23. Qe3 Bf5 24. h3 Qc5 25. Qxc5 dxc5 26. g4 Bd7 27.
Kg2 Bc6 28. fxe5 e3+ 29. Kg3 Rxe5 30. Re1 g5 31. Nd1 e2 32. Nc3 Re3+ 33. Kh2
Be4 34. Nxe4 Rxe4 35. h4 Rxg4 36. hxg5 Re4 37. Kg3 Kg6 38. Kf3 Re8 39. Kf4 b6
40. c3 Re7 41. b4 cxb4 42. cxb4 b5 43. Kg4 Re4+ 44. Kf3 Kf5 45. Kg3 Kxg5 46.
Kf3 Kf5 47. Kg3 Re3+ 48. Kf2 Kf4 49. Kg2 Re7 50. Kf2 Re6 0-1

[Event "Superettan(Farsta-Rodeby)"]
[Site "?"]
[Date "2012.03.10"]
[Round "8"]
[White "Karlsson, Robert"]
[Black "Wieweg, Johnny"]
[Result "0-1"]
[WhiteElo "2031"]
[BlackElo "2160"]
[PlyCount "71"]

1. e4 e5 2. Nf3 Nc6 3. d4 exd4 4. Nxd4 Bb4+ 5. c3 Bc5 6. Nxc6 bxc6 7. Bd3 d6 8.
Nd2 Qh4 9. Qf3 Ne7 10. Nb3 Bb6 11. Qf4 Qxf4 12. Bxf4 O-O 13. f3 f5 14. Bg5 Ng6
15. Nd4 Ne5 16. Bc2 fxe4 17. Bxe4 Bd7 18. O-O-O Rae8 19. Rhe1 d5 20. Bc2 c5 21.
Nb3 c6 22. Kb1 c4 23. Nc1 Ng6 24. b3 cxb3 25. axb3 Bc7 26. Bxg6 hxg6 27. h3 Bg3
28. Rxe8 Rxe8 29. Kb2 Bf5 30. b4 Bc8 31. Rd2 Ba6 32. Nb3 Be1 33. Rd1 Re2+ 34.
Bd2 Bf2 35. Nd4 Bxd4 36. cxd4 0-1

[Event "Superettan(Farsta-Rodeby)"]
[Site "?"]
[Date "2012.03.10"]
[Round "8"]
[White "Lissang, Christopher"]
[Black "Eriksson, Bengt"]
[Result "1-0"]
[WhiteElo "2300"]
[BlackElo "2092"]
[PlyCount "55"]

1. d4 Nf6 2. c4 e5 3. dxe5 Ng4 4. Nh3 Nxe5 5. e3 g6 6. Be2 Bg7 7. O-O d6 8. Nf4
O-O 9. Nc3 a5 10. Qc2 Na6 11. Rd1 Re8 12. Rb1 Nc5 13. f3 Nc6 14. Qd2 Bf5 15. e4
Bd7 16. g4 f5 17. gxf5 gxf5 18. Qd5+ Kh8 19. Be3 Be5 20. Ng2 Rg8 21. f4 Qh4 22.
Qd2 fxe4 23. Kh1 Qh3 24. Bf1 Bxc3 25. Qxc3+ Rg7 26. Rd5 Bf5 27. Bxc5 dxc5 28.
Ne3 1-0

[Event "Superettan(Farsta-Rodeby)"]
[Site "?"]
[Date "2012.03.10"]
[Round "8"]
[White "Bernhardsson, Sten"]
[Black "Lagerborg, Krister"]
[Result "1-0"]
[WhiteElo "1948"]
[BlackElo "2141"]
[PlyCount "143"]

1. d4 Nf6 2. c4 g6 3. Nc3 Bg7 4. e4 d6 5. Nf3 O-O 6. Be2 e5 7. Be3 Nc6 8. d5
Ne7 9. Nd2 Ne8 10. c5 f5 11. f3 f4 12. Bf2 g5 13. cxd6 cxd6 14. Rc1 Ng6 15. Nb5
b6 16. Nc4 Rf7 17. a4 Nh4 18. O-O Bf8 19. a5 Bd7 20. Qb3 bxa5 21. Nxa7 a4 22.
Qc3 g4 23. fxg4 Qg5 24. Nc6 Bxg4 25. Bxh4 Qxh4 26. Bxg4 Qxg4 27. Qf3 Qg6 28.
Ra1 Nf6 29. Rfe1 Rb7 30. Ra3 Rb3 31. Rxb3 axb3 32. Nd2 Ng4 33. Nc4 Nf6 34. Nd2
Ng4 35. Nc4 Nf6 36. h3 Kh8 37. Nd2 Bh6 38. Ne7 Qf7 39. Nf5 Bf8 40. Qxb3 Nxe4
41. Nxe4 Qxf5 42. Qb7 Rd8 43. Qc7 Qd7 44. Qxd7 Rxd7 45. b4 Rb7 46. Rb1 Be7 47.
Kf2 Kg7 48. Kf3 h5 49. b5 Kf7 50. Nd2 Bd8 51. Nc4 Ke7 52. Ke4 Kd7 53. Rb3 Bb6
54. Kf5 Bc5 55. Nd2 Rb8 56. Ne4 Rf8+ 57. Kg5 Rg8+ 58. Kxh5 Rxg2 59. b6 Kc8 60.
b7+ Kb8 61. Kh6 Rg8 62. Nf6 Rd8 63. Kg5 Kc7 64. h4 Rb8 65. h5 Rxb7 66. Rxb7+
Kxb7 67. Ne4 Be3 68. Kg4 f3 69. Kxf3 Bf4 70. Nxd6+ Kc7 71. Nf7 Kd7 72. h6 1-0

[Event "Superettan(Farsta-Rodeby)"]
[Site "?"]
[Date "2012.03.10"]
[Round "8"]
[White "Jaderberg, Bjorn"]
[Black "Dolgov, Mikhail"]
[Result "0-1"]
[WhiteElo "2207"]
[BlackElo "1963"]
[PlyCount "62"]

1. c4 g6 2. g3 Bg7 3. Bg2 Nf6 4. Nc3 O-O 5. d3 d6 6. Bg5 c6 7. Qd2 Qb6 8. e4
Nbd7 9. Be3 Qb4 10. a3 Qb3 11. Nge2 Nc5 12. Nc1 Qb6 13. b4 Ng4 14. bxc5 Qa5 15.
N1e2 Nxe3 16. fxe3 Bg4 17. Ra2 dxc5 18. O-O Rad8 19. Qc2 Bh6 20. Nd1 Rd7 21. h3
Be6 22. Nf4 Rfd8 23. Nf2 b5 24. Nxe6 fxe6 25. Ng4 Bg7 26. Rd1 Qc7 27. cxb5 cxb5
28. Rc1 Rxd3 29. Qxc5 Rd1+ 30. Kh2 Rxc1 31. Qxb5 h5 0-1

[Event "Superettan(Orebro-Lulea)"]
[Site "?"]
[Date "2012.03.10"]
[Round "8"]
[White "Astrom, Robert"]
[Black "Nygren, Kim"]
[Result "1-0"]
[WhiteElo "2493"]
[BlackElo "2352"]
[PlyCount "131"]

1. d4 Nf6 2. c4 e6 3. Nf3 Bb4+ 4. Nbd2 O-O 5. a3 Bxd2+ 6. Qxd2 b6 7. g3 Bb7 8.
Bg2 d6 9. O-O Nbd7 10. b4 Qe7 11. Bb2 Rfd8 12. Rfd1 Nf8 13. Qc2 Be4 14. Qc3
Rac8 15. Bf1 c5 16. dxc5 bxc5 17. Rac1 Ng6 18. Qe3 Ba8 19. h3 e5 20. Bg2 h6 21.
b5 Nd7 22. Ne1 Bxg2 23. Nxg2 Qe6 24. Kh2 Nb6 25. Qb3 f5 26. a4 Nd7 27. Ne3 f4
28. Nd5 Nf6 29. Qd3 Nxd5 30. Qxd5 Qxd5 31. Rxd5 Ne7 32. Rd2 fxg3+ 33. fxg3 Kf7
34. g4 Ke6 35. Rcd1 d5 36. cxd5+ Rxd5 37. e4 Rxd2+ 38. Rxd2 c4 39. Bc3 Ng6 40.
Rd5 Rf8 41. Rc5 Rf2+ 42. Kg3 Ra2 43. Rxc4 Ra3 44. Kh2 Ra2+ 45. Kg3 Ra3 46. Kf2
Nf4 47. h4 Nd3+ 48. Ke2 Nf4+ 49. Kd1 Ng2 50. Kc1 Ne3 51. Rc6+ Kd7 52. Bd2 Nxg4
53. Ra6 Nf2 54. Rxa7+ Kc8 55. Kb2 Rd3 56. Kc2 Rd7 57. Rxd7 Kxd7 58. Bc3 Nxe4
59. Bxe5 g5 60. h5 g4 61. a5 g3 62. a6 g2 63. Bh2 Kc8 64. b6 Nc5 65. b7+ Nxb7
66. a7 1-0

[Event "Superettan(Orebro-Lulea)"]
[Site "?"]
[Date "2012.03.10"]
[Round "8"]
[White "Lundin, Jan"]
[Black "Larsson, Anders"]
[Result "1-0"]
[WhiteElo "2323"]
[BlackElo "2362"]
[PlyCount "82"]

1. d4 d6 2. e4 g6 3. c3 Bg7 4. Nd2 d5 5. Ngf3 c6 6. Bd3 dxe4 7. Nxe4 Nf6 8.
Nxf6+ Bxf6 9. Bh6 Qd5 10. Qd2 Bg4 11. Be2 Nd7 12. O-O Qf5 13. Rae1 Rd8 14. h3
Bxh3 15. gxh3 Qxh3 16. Qf4 g5 17. Qh2 Qf5 18. Qh5 Rg8 19. Nh2 Nf8 20. Ng4 Rd6
21. f4 Qg6 22. Qxg6 Rxg6 23. Bxf8 Kxf8 24. f5 Rg8 25. Kg2 Kg7 26. Rh1 c5 27.
Nxf6 Rxf6 28. dxc5 Rc8 29. b4 b6 30. cxb6 axb6 31. Rh3 Ra8 32. Bc4 Rxf5 33.
Rxe7 b5 34. Bb3 Rd8 35. Rf3 Rxf3 36. Kxf3 Rd3+ 37. Ke4 Rxc3 38. Rxf7+ Kg6 39.
Rb7 g4 40. Kf4 h5 41. Rb6+ Kg7 1-0

[Event "Superettan(Orebro-Lulea)"]
[Site "?"]
[Date "2012.03.10"]
[Round "8"]
[White "Almstrom, Martin"]
[Black "Gruvaeus, Curt"]
[Result "0-1"]
[WhiteElo "2250"]
[BlackElo "2329"]
[PlyCount "112"]

1. d4 c5 2. d5 Nf6 3. c4 e6 4. Nc3 exd5 5. cxd5 d6 6. Nf3 a6 7. a4 Bg4 8. Nd2
Nbd7 9. f3 Bh5 10. e4 Rb8 11. Be2 Be7 12. O-O h6 13. Nc4 Nb6 14. Ne3 Bg6 15. a5
Na8 16. Nc4 Bh7 17. Bf4 Nh5 18. Qa4+ Kf8 19. Be3 g5 20. g3 b5 21. axb6 Nxb6 22.
Qc6 Nxc4 23. Bxc4 Rb6 24. Qa4 Rxb2 25. Qxa6 Rb6 26. Qa2 Bf6 27. Qc2 Kg7 28. Be2
Rg8 29. Kh1 Kh8 30. Ra7 Qb8 31. Rxf7 Rb2 32. Qc1 Qb3 33. Rxf6 Nxf6 34. Bd1 Qb4
35. Na4 Rb1 36. Qc3 Qxc3 37. Nxc3 Ra1 38. g4 Rb8 39. h4 Ra3 40. Bd2 Kg7 41. Be2
Rb6 42. hxg5 hxg5 43. Nb5 Ra2 44. Rd1 Bg6 45. Bc4 Ra4 46. Bb3 Rb4 47. Bxb4 Rxb5
48. e5 dxe5 49. Bc3 Rxb3 50. Bxe5 Kf7 51. d6 Nd7 52. f4 Nxe5 53. fxe5 Rb1 54.
Rxb1 Bxb1 55. Kg1 Ba2 56. Kf2 Be6 0-1

[Event "Superettan(Orebro-Lulea)"]
[Site "?"]
[Date "2012.03.10"]
[Round "8"]
[White "Drugge, Patrick"]
[Black "Setterqvist, Kurt"]
[Result "1/2-1/2"]
[WhiteElo "2259"]
[BlackElo "2341"]
[PlyCount "48"]

1. e4 e6 2. d4 d5 3. exd5 exd5 4. Nf3 Bd6 5. c4 Nf6 6. Bg5 dxc4 7. Bxc4 O-O 8.
O-O h6 9. Bh4 Nbd7 10. Nc3 c6 11. Re1 Qa5 12. Qd2 Qh5 13. Bd3 Nd5 14. Nxd5 Qxd5
15. Be7 Bxe7 16. Rxe7 Nf6 17. Rae1 Qxa2 18. Ne5 Be6 19. Rxb7 Rab8 20. Bb1 Qa4
21. Rxb8 Rxb8 22. Rc1 Bd5 23. h3 Rb4 24. Bc2 Rxd4 1/2-1/2

[Event "Superettan(Orebro-Lulea)"]
[Site "?"]
[Date "2012.03.10"]
[Round "8"]
[White "Marklund, Niklas"]
[Black "Lind, Jan-Olov"]
[Result "1/2-1/2"]
[WhiteElo "2234"]
[BlackElo "2251"]
[PlyCount "101"]

1. d4 g6 2. c4 Nf6 3. Nc3 Bg7 4. e4 d6 5. Be2 c5 6. Nf3 cxd4 7. Nxd4 O-O 8. Be3
Nc6 9. Nc2 Nd7 10. Qd2 Qa5 11. f3 Bxc3 12. bxc3 Nc5 13. Nd4 Ne5 14. Rb1 Qc7 15.
O-O b6 16. Bh6 Re8 17. f4 Ned7 18. Bf3 Bb7 19. Nb5 Qc8 20. Rbe1 f6 21. e5 dxe5
22. fxe5 Nxe5 23. Bxb7 Nxb7 24. Rxe5 fxe5 25. Qd5+ e6 26. Qxe5 Qc5+ 27. Qxc5
Nxc5 28. Nc7 Rac8 29. Nxe8 Rxe8 30. Rf6 Ne4 31. Rf3 Rd8 32. h3 Nd6 33. c5 bxc5
34. Bg5 Rc8 35. Rd3 Nf7 36. Bf6 Rc7 37. Re3 Rc6 38. g4 c4 39. g5 Kf8 40. Re4
Ke8 41. Kf2 Kd7 42. Rh4 e5 43. Rxh7 Ke6 44. Rg7 Ra6 45. h4 Rxa2+ 46. Kf3 Rc2
47. Kg4 Rg2+ 48. Kf3 Rc2 49. Kg4 Rg2+ 50. Kh3 Rc2 51. Kg4 1/2-1/2

[Event "Superettan(Orebro-Lulea)"]
[Site "?"]
[Date "2012.03.10"]
[Round "8"]
[White "Zetterberg, Staffan"]
[Black "Engstrom, Kaj"]
[Result "1-0"]
[WhiteElo "2309"]
[BlackElo "2258"]
[PlyCount "89"]

1. Nf3 d5 2. g3 Nf6 3. c4 d4 4. b4 c5 5. Bg2 a5 6. bxc5 Nc6 7. d3 e5 8. O-O
Bxc5 9. Bg5 h6 10. Bxf6 Qxf6 11. Nbd2 Qg6 12. Qa4 O-O 13. Qb5 Bb4 14. a3 Bc3
15. Ra2 Bd7 16. Qxb7 Ra7 17. Qb3 Rb8 18. Qc2 f5 19. Nb1 e4 20. dxe4 fxe4 21.
Nh4 Qf6 22. Bxe4 g5 23. Nf3 Rab7 24. Rc1 Rb2 25. Rxb2 Bxb2 26. Rd1 g4 27. Nh4
Ne5 28. Ng6 d3 29. Bxd3 Nxg6 30. Bxg6 Bd4 31. Rf1 Rb2 32. Qd3 Kg7 33. Be4 Ba4
34. e3 Bc2 35. Qxd4 Qxd4 36. exd4 Bxe4 37. Nc3 Bd3 38. Rc1 Rb3 39. c5 Rxa3 40.
c6 Rb3 41. c7 Bf5 42. Nd5 Rd3 43. Ne7 Bd7 44. c8=Q Bxc8 45. Rxc8 1-0

[Event "Superettan(Orebro-Lulea)"]
[Site "?"]
[Date "2012.03.10"]
[Round "8"]
[White "Pousette, Gunnar"]
[Black "Blomstrom, Lars"]
[Result "0-1"]
[WhiteElo "2115"]
[BlackElo "2142"]
[PlyCount "124"]

1. c4 Nf6 2. g3 g6 3. Bg2 Bg7 4. Nc3 O-O 5. e4 d6 6. Nge2 c5 7. O-O Nc6 8. d3
Rb8 9. h3 a6 10. a4 Ne8 11. Be3 Nc7 12. d4 cxd4 13. Nxd4 Ne6 14. Nce2 Qa5 15.
b3 Ncxd4 16. Nxd4 Qb4 17. Rb1 Nxd4 18. Bxd4 Bxd4 19. Qxd4 b5 20. axb5 axb5 21.
Rfc1 Be6 22. Qd1 bxc4 23. bxc4 Qc5 24. Rxb8 Rxb8 25. Qe2 Qd4 26. Qe3 Qxe3 27.
fxe3 Rc8 28. Bf1 Rc5 29. Kf2 Kg7 30. g4 g5 31. Kf3 Kf6 32. Bd3 Ke5 33. Rc2 h6
34. Kf2 f6 35. Kf3 Bf7 36. Kf2 h5 37. Kf3 hxg4+ 38. hxg4 Be6 39. Kg3 Bd7 40.
Kf3 Bc6 41. Ra2 e6 42. Ra6 f5 43. gxf5 exf5 44. Rxc6 Rxc6 45. exf5 Rc7 46. Kg4
Kf6 47. Kf3 Re7 48. e4 Rh7 49. Kg2 Rh4 50. Bc2 Ke5 51. Kg3 Rf4 52. Kg2 Kd4 53.
Bb1 Kxc4 54. Ba2+ Kd4 55. Bb1 Ke5 56. Bc2 Rh4 57. Kg3 Rh1 58. Kg4 Rg1+ 59. Kf3
g4+ 60. Kf2 Rc1 61. Bd3 Rc3 62. Bb1 Rb3 0-1

[Event "Superettan(Orebro-Lulea)"]
[Site "?"]
[Date "2012.03.10"]
[Round "8"]
[White "Jonsson, Krister"]
[Black "Pettersson, Tobias"]
[Result "1-0"]
[WhiteElo "2141"]
[BlackElo "2082"]
[PlyCount "89"]

1. d4 Nf6 2. c4 g6 3. Nc3 Bg7 4. e4 d6 5. Be2 O-O 6. Bg5 Na6 7. Qd2 c5 8. d5
Nc7 9. Nf3 a6 10. a4 Rb8 11. O-O Bg4 12. Rab1 Bxf3 13. gxf3 Qd7 14. Kh1 e6 15.
b4 cxb4 16. Rxb4 exd5 17. cxd5 a5 18. Rb6 Nh5 19. Rg1 Rfc8 20. Rb3 Na6 21. Nb5
Nc5 22. Ra3 Be5 23. f4 Bf6 24. Bg4 Qe7 25. f3 Bxg5 26. fxg5 Re8 27. Bxh5 gxh5
28. Qf4 Rbd8 29. Nd4 Qe5 30. Qxe5 Rxe5 31. Nf5 Rxf5 32. exf5 Re8 33. f6 Re5 34.
f4 Re4 35. Rf1 Kf8 36. Rh3 Nxa4 37. Rxh5 Kg8 38. Rf3 Kf8 39. Rxh7 Ke8 40. Rh8+
Kd7 41. Rf8 Nb6 42. Rxf7+ Ke8 43. Rxb7 Nxd5 44. f7+ Kf8 45. g6 1-0

[Event "Superettan(Wasa-SodraSASS)"]
[Site "?"]
[Date "2012.03.11"]
[Round "9"]
[White "Sjoberg, Mats"]
[Black "Wedberg, Tom"]
[Result "1/2-1/2"]
[WhiteElo "2355"]
[BlackElo "2553"]
[PlyCount "55"]
[SourceDate "2012.03.17"]

1. d4 Nf6 2. Nf3 e6 3. c4 c5 4. Nc3 cxd4 5. Nxd4 Nc6 6. g3 Qb6 7. Nb3 Ne5 8. e4
Bb4 9. Qe2 d6 10. f4 Nc6 11. Be3 Bxc3+ 12. bxc3 Qc7 13. Bg2 O-O 14. O-O b6 15.
Nd4 Nxd4 16. cxd4 Ba6 17. e5 Bxc4 18. Rfc1 Bxe2 19. Rxc7 Nd5 20. Bxd5 exd5 21.
Re1 Bb5 22. exd6 Rfd8 23. Bd2 Rxd6 24. Ree7 Be8 25. Rxa7 Rdd8 26. Rxa8 Rxa8 27.
Bb4 Bb5 28. Rb7 1/2-1/2

[Event "Superettan(Wasa-SodraSASS)"]
[Site "?"]
[Date "2012.03.11"]
[Round "9"]
[White "Zimmermann, Julian"]
[Black "Furhoff, Johan"]
[Result "0-1"]
[WhiteElo "2304"]
[BlackElo "2378"]
[PlyCount "62"]

1. e4 e5 2. Nf3 Nc6 3. Nc3 Nf6 4. Bb5 Bc5 5. d3 O-O 6. Bg5 h6 7. Bh4 Nd4 8.
Nxd4 Bxd4 9. Ne2 Bxb2 10. Rb1 Ba3 11. f4 c6 12. O-O Qb6+ 13. d4 cxb5 14. fxe5
Nxe4 15. Qd3 d5 16. Qxa3 Bg4 17. Nf4 Qxd4+ 18. Kh1 a6 19. h3 Be6 20. Nd3 Rac8
21. Qc1 g5 22. Rf4 gxh4 23. Qe1 Rxc2 24. Rb3 Rfc8 25. Qxh4 Rc1+ 26. Ne1 Qxe5
27. Re3 Kh7 28. Ref3 Ng3+ 29. Kh2 Nf5 30. Qh5 Rxe1 31. h4 Rc4 0-1

[Event "Superettan(Wasa-SodraSASS)"]
[Site "?"]
[Date "2012.03.11"]
[Round "9"]
[White "Winge, Stefan"]
[Black "Collett, Peter"]
[Result "0-1"]
[WhiteElo "2298"]
[BlackElo "2238"]
[PlyCount "130"]

1. e4 e5 2. Bc4 Nf6 3. d3 Bc5 4. Nf3 Nc6 5. c3 d6 6. b4 Bb6 7. a4 a5 8. b5 Ne7
9. O-O O-O 10. Be3 Bxe3 11. fxe3 Ng6 12. Qb3 Qe7 13. Nbd2 h6 14. Rae1 Be6 15.
Bxe6 fxe6 16. d4 Nd7 17. c4 b6 18. Qa2 Kh7 19. Nb3 exd4 20. exd4 e5 21. c5 dxc5
22. dxc5 Nxc5 23. Nxc5 Qxc5+ 24. Kh1 Rad8 25. Rc1 Qe7 26. Qc4 Rd7 27. Rfd1
Rxd1+ 28. Rxd1 Rd8 29. Rxd8 Qxd8 30. g3 Qd6 31. Kg2 Nf8 32. Qf7 Nd7 33. Nh4 Nf6
34. Qg6+ Kg8 35. Nf5 Qd2+ 36. Kf3 Qd3+ 37. Ne3 Kf8 38. g4 Qd4 39. h4 Qd7 40.
Kg3 Qd2 41. Nf5 Nxe4+ 42. Kf3 Qd3+ 43. Kg2 Qe2+ 44. Kh3 Qd3+ 45. Kg2 Qd7 46.
Kf3 Nf6 47. g5 hxg5 48. hxg5 Qd3+ 49. Kg2 Qe2+ 50. Kg1 Qg4+ 51. Kf1 Qh3+ 52.
Ke1 Qh7 53. Qxh7 Nxh7 54. g6 Ng5 55. Kd2 Ne6 56. Kd3 Nf4+ 57. Ke4 Nxg6 58. Ne3
Ke7 59. Kf5 Nf4 60. Kxe5 Nd3+ 61. Kd5 Kd7 62. Kc4 Nc5 63. Nf5 g5 64. Nh6 Ke6
65. Ng4 Nxa4 0-1

[Event "Superettan(Wasa-SodraSASS)"]
[Site "?"]
[Date "2012.03.11"]
[Round "9"]
[White "Astrom, Goran"]
[Black "Fors, Tomas"]
[Result "1-0"]
[WhiteElo "2320"]
[BlackElo "2047"]
[PlyCount "59"]

1. e4 c5 2. Nf3 Nc6 3. d4 cxd4 4. Nxd4 Nf6 5. Nc3 d6 6. Bg5 e6 7. Qd2 a6 8.
O-O-O Bd7 9. f3 Be7 10. Kb1 b5 11. h4 Nxd4 12. Qxd4 Qc7 13. g4 Rc8 14. Qd2 b4
15. Ne2 Ba4 16. Nd4 e5 17. Nb3 O-O 18. Rh2 Rfd8 19. Bxf6 Bxf6 20. g5 Be7 21. h5
a5 22. g6 fxg6 23. hxg6 h6 24. Ba6 Bxb3 25. axb3 d5 26. Bxc8 Qxc8 27. Rxh6 Bg5
28. Qxg5 gxh6 29. Qxh6 Qc7 30. Rxd5 1-0

[Event "Superettan(Wasa-SodraSASS)"]
[Site "?"]
[Date "2012.03.11"]
[Round "9"]
[White "Adler, Bo"]
[Black "Soderberg, Per"]
[Result "1-0"]
[WhiteElo "2203"]
[BlackElo "2238"]
[PlyCount "89"]

1. d4 Nf6 2. c4 e6 3. Nc3 c5 4. d5 d6 5. e4 exd5 6. cxd5 g6 7. f4 Bg7 8. Bb5+
Bd7 9. e5 Ng8 10. Qe2 dxe5 11. fxe5 a6 12. Bxd7+ Nxd7 13. Nf3 Qe7 14. Bf4 Nh6
15. e6 fxe6 16. d6 Qf7 17. Nd5 O-O 18. Ng5 exd5 19. Nxf7 Nxf7 20. O-O-O Rae8
21. Qd2 Re4 22. Rhe1 Rxf4 23. Qxd5 Nb6 24. Qe6 Nc4 25. g3 Bxb2+ 26. Kb1 Rf2 27.
Qxc4 Bd4 28. d7 b5 29. Qe6 Rf6 30. Qe7 Nd8 31. Re4 Nc6 32. Qe8 Kg7 33. Re6 Rf1
34. Rxc6 Rxd1+ 35. Kc2 Rff1 36. Qe7+ Kh6 37. Qh4+ Kg7 38. d8=Q Rc1+ 39. Kd3
Rc3+ 40. Ke4 Re3+ 41. Kd5 Rf5+ 42. Kd6 Be5+ 43. Kd7 Rf7+ 44. Kc8 c4 45. Rxg6+
1-0

[Event "Superettan(Wasa-SodraSASS)"]
[Site "?"]
[Date "2012.03.11"]
[Round "9"]
[White "Nordstrom, Felix"]
[Black "Holmqvist, Gunnar"]
[Result "1/2-1/2"]
[WhiteElo "2168"]
[BlackElo "2262"]
[PlyCount "92"]

1. d4 Nf6 2. c4 e6 3. Nc3 d5 4. Bg5 Be7 5. e3 h6 6. Bh4 O-O 7. Nf3 b6 8. Rc1
Bb7 9. Bxf6 Bxf6 10. cxd5 exd5 11. b4 c5 12. bxc5 bxc5 13. dxc5 Nd7 14. Nb5 Rc8
15. Be2 Nxc5 16. O-O a6 17. Nbd4 Ne4 18. Qb3 Qd7 19. h3 Rc7 20. Rxc7 Qxc7 21.
Rb1 Nc5 22. Rc1 Rb8 23. Qc2 Rc8 24. Nb3 Be7 25. Nxc5 Qxc5 26. Qxc5 Rxc5 27. Rb1
Rc7 28. Nd4 g6 29. Kf1 Kf8 30. Bd3 Bc5 31. Ke2 Ke7 32. Rc1 Bb6 33. Rxc7+ Bxc7
34. g3 Bb6 35. h4 h5 36. Nb3 Kd6 37. Nd4 Bxd4 38. exd4 a5 39. Ke3 Bc6 40. Kf4
Ke7 41. Kg5 Be8 42. f4 f5 43. Ba6 Bf7 44. Bb7 Ke6 45. Bc8+ Ke7 46. Ba6 Be8
1/2-1/2

[Event "Superettan(Wasa-SodraSASS)"]
[Site "?"]
[Date "2012.03.11"]
[Round "9"]
[White "Johansson, Per"]
[Black "Wenzel, Birger"]
[Result "1/2-1/2"]
[WhiteElo "1971"]
[BlackElo "2070"]
[PlyCount "53"]

1. d4 Nf6 2. Nf3 g6 3. c4 c5 4. d5 b5 5. cxb5 a6 6. bxa6 Bxa6 7. Nc3 d6 8. g3
Bg7 9. Bg2 O-O 10. O-O Nbd7 11. Qc2 Qa5 12. Rd1 Rfb8 13. Bd2 Ng4 14. Rab1 Bb7
15. Qe4 Ndf6 16. Qc2 Ne8 17. h3 Ngf6 18. e4 Nd7 19. Bf1 Ba6 20. Bxa6 Qxa6 21.
b3 Nc7 22. a4 Ne5 23. Nxe5 Bxe5 24. Be3 Qa5 25. Bd2 Qa6 26. Be3 Qa5 27. Bd2
1/2-1/2

[Event "Superettan(Wasa-SodraSASS)"]
[Site "?"]
[Date "2012.03.11"]
[Round "9"]
[White "Berkell, Peder"]
[Black "Alqvist, Erik"]
[Result "1/2-1/2"]
[WhiteElo "2161"]
[BlackElo "1998"]
[PlyCount "45"]

1. b3 e5 2. Bb2 Nc6 3. e3 d5 4. Bb5 Bd6 5. f4 Qe7 6. Nf3 Bg4 7. fxe5 Bxe5 8.
Bxc6+ bxc6 9. Bxe5 Bxf3 10. Qxf3 Qxe5 11. O-O Nf6 12. Nc3 O-O 13. Qf4 Qe7 14.
Qh4 Rfe8 15. Rf5 Ne4 16. Qxe7 Rxe7 17. Nxe4 Rxe4 18. Raf1 f6 19. R1f4 Rae8 20.
Rxe4 Rxe4 21. Kf2 Kf7 22. d3 Rh4 23. h3 1/2-1/2